000 00361nam a2200145Ia 4500
008 230312s9999||||xx |||||||||||||| ||und||
020 _a0-855-326-78-6
082 _a746.6
_bHEN-I
100 _aHenge;Renate
245 0 _aInspirational Silk Painting From Nature
260 _bGreen british
_aUSA
_c1988
300 _a80
650 _aArchitecture
942 _cBK
999 _c12029
_d12029